Statistics for Countries with the Most Contamination from Chernobyl

Click here to take the quiz!

General Stats

  • This quiz has been taken 556 times
    (294 since last reset)
  • The average score is 10 of 15

Answer Stats

Area (km2)% of CountryCountry% Correct
57,9000.33Russia
99%
41,9006.98Ukraine
99%
46,50022.4Belarus
92%
13000.4Poland
86%
20000.8Romania
83%
600.2Moldova
75%
11,5003.4Finland
73%
12,2002.7Sweden
72%
48004.3Bulgaria
70%
50001.3Norway
68%
860010.3Austria
53%
12000.91Greece
53%
3000.1Italy
45%
3001.5Slovenia
41%
13003.1Switzerland
36%

Score Distribution

Percentile by Number Answered

Percent of People with Each Score

Your Score History

You have not taken this quiz since the last reset